| 000 | 01836aam a2200349 i 4500 | ||
|---|---|---|---|
| 001 | 768714001 | ||
| 003 | CO-MdFUSB | ||
| 005 | 20231005160624.0 | ||
| 007 | ta | ||
| 008 | 230927t20072007flu||||g |||| 00| 0 spa d | ||
| 020 | _a9781599790459 | ||
| 040 |
_aCO-MdFUSB _bspa _cCO-MdFUSB _dCO-MdFUSBC _erda |
||
| 041 | _aspa | ||
| 082 |
_223 _a248.843 _bSA194 |
||
| 100 |
_aSandford, Paula, _eautor |
||
| 240 | _aHealing for a Woman´s Emotions | ||
| 245 |
_aSanidad para las emociones de la mujer _c/ Paula Sandford ; prólogo por Cindy Jacobs |
||
| 264 | 1 |
_aFlorida : _bCasa Creación, _c[2007] |
|
| 264 | 4 | _c©2007 | |
| 300 |
_a202 páginas _c; 22 cm. |
||
| 336 |
_2rdacontent _atexto _btxt |
||
| 337 |
_2rdamedia _asin mediación _bn |
||
| 338 |
_2rdacarrier _avolumen _bnc |
||
| 505 | _aFelíz de ser yo -- La liberación femenina en la Biblia -- Aprende a vivir con los sentimientos -- Un tiempo para el duelo y el llanto -- Cómo tratar con la pérdida de un hijo -- Señales mixtas: aprende a manejar la sobrecarga emocional -- Cómo sobrellevar la adicción de un ser amado -- Soltera, pero no sola -- La misericordia de Dios para la que tuvo que divorciarse -- Los dolores del corazón de una madre. | ||
| 520 | _aEs hora de que se ame... de la misma forma en que Dios la ama. Usted probablemente ha escuchado a varias personas decirle: "¡supérate ya de eso!" ¡Es más fácil decirlo que hacerlo! Nadie podría dar más fé de ello que la consejera, autora y maestra Paula Sandford. Por años, Sandford ha ayudado a mujeres (y a los hombres que las aman) a dominar sus emociones y obtener la victoria. | ||
| 563 | _aRústico | ||
| 650 | 0 |
_9326 _aMujeres _xAspectos religiosos _xCristianismo |
|
| 650 | 0 |
_919 _aVida cristiana |
|
| 700 |
_98605 _aJacobs, Cindy, _eprologuista |
||
| 942 | _cBK | ||
| 945 | _asor1564 | ||
| 999 |
_c69069 _d69069 |
||